00521cam a22002171 4500001001300000003000400013005001700017008004100034010001700075035002000092040001800112042001200130050001900142100002800161245002400189260001100213300001900224500001300243500003000256999001700286sa 65007646 DLC20260227112150.0890227s1964 xx 000 0 urd  asa 65007646  a(OCoLC)23580086 aDLCcMiUdDLC apremarc00aPK2200.A7bS531 aAslam, Muhammad,d1885-10aShamshì„r-i sitam. c[1964] a400 p.c19 cm. aIn Urdu. aText partially vocalized. c65270d65270